000
00257 a2200109 4500
003
Nust
005
20170207154227.0
040
_c
Nust
082
_a
371.33
245
_a
Program Of The Workshop (VHS-190)
440
_a
Program Of The Workshop (VHS-190)
538
_a
Duration in Minutes-102
999
_c
195618
_d
195618